| 000 | 00456nam a2200145Ia 4500 | ||
|---|---|---|---|
| 008 | 210430s9999 xx 000 0 und d | ||
| 020 | _a9780750644440 | ||
| 082 | _a620 C 853 C | ||
| 100 |
_aJ.m. Coulson, J F Richardson _953769 |
||
| 245 |
_aCoulson & Richardson's Chemical Engineering: Fluid Flow, Heat Transfer and Mass Transfer V-1 / _cJ.m. Coulson |
||
| 250 | _a6th edition | ||
| 260 |
_aIndia _bCoulson _c2009 |
||
| 300 | _a895p | ||
| 942 |
_cBK _2ddc |
||
| 999 |
_c564285 _d564285 |
||